000 00652nam a22002057a 4500
005 20251108165426.0
008 250721s1993 xx 000 0 ara d
082 1 4 _aم/956/نعو
100 1 _aالمغبغب، نعوم
245 1 0 _aتاريخ الأمير حيدر أحمد الشهابي :
_bمن مولد النبي إلى الحروب الصليبية ... /
264 1 _aبيروت :
_bدار نظير عبود،
_c1993.
300 _a
650 1 7 _aالعرب
650 1 7 _aالتاريخ
650 1 7 _aلبنان
650 1 7 _aالعثمانيون
650 1 7 _aالعباسيون 750-1258
942 _2ddc
_cREF
999 _c27631
_d27631